| Tag |
First Indicator |
Second Indicator |
Subfields |
| LEADER |
00000pam a2200000 a 4500 |
| 001 |
in00001664521 |
| 005 |
20191026063327.0 |
| 008 |
880212s1988 nyuaf b 001 0 eng |
| 010 |
|
|
|a 88001822
|
| 020 |
|
|
|a 0517567482 :
|c $17.95
|
| 035 |
|
|
|a (OCoLC)ocm17548701
|
| 040 |
|
|
|a DLC
|c DLC
|d TXA
|d UtOrBLW
|
| 043 |
|
|
|a n-us---
|a a-ja---
|
| 049 |
|
|
|a TXAM
|
| 050 |
0 |
0 |
|a D790
|b .G56 1988
|
| 082 |
0 |
|
|a 940.54/25
|2 19
|
| 100 |
1 |
|
|a Glines, Carroll V.,
|d 1920-2016.
|
| 245 |
1 |
4 |
|a The Doolittle raid :
|b America's daring first strike against Japan /
|c Carroll V. Glines.
|
| 250 |
|
|
|a 1st ed.
|
| 264 |
|
1 |
|a New York :
|b Orion Books,
|c [1988]
|
| 264 |
|
4 |
|c ©1988
|
| 300 |
|
|
|a xii, 258 pages, 16 unnumbered pages of plates :
|b illustrations ;
|c 24 cm.
|
| 336 |
|
|
|a text
|b txt
|2 rdacontent
|
| 337 |
|
|
|a unmediated
|b n
|2 rdamedia
|
| 338 |
|
|
|a volume
|b nc
|2 rdacarrier
|
| 504 |
|
|
|a Bibliography: pages 246-247.
|
| 500 |
|
|
|a Includes index.
|
| 536 |
|
|
|a Donated to the Texas A&M University Library by Captain John Box, September, 2001.
|
| 650 |
|
0 |
|a World War, 1939-1945
|x Aerial operations, American.
|
| 650 |
|
0 |
|a World War, 1939-1945
|x Campaigns
|z Japan.
|
| 600 |
1 |
0 |
|a Doolittle, James Harold,
|d 1896-1993.
|
| 948 |
|
|
|a cataloged
|b h
|c 2002/3/6
|d c
|e eneff
|f 11:19:17 am
|
| 994 |
|
|
|a E0
|b TXA
|
| 999 |
|
|
|a MARS
|
| 999 |
f |
f |
|s 60d5f8ef-7930-30b2-9eed-82f4e0d62654
|i 4ab9ab98-7d01-3748-a1ac-69ec7be266db
|t 0
|
| 952 |
f |
f |
|p normal
|a Texas A&M University
|b College Station
|c Sterling C. Evans Library
|d Evans: Library Stacks
|t 0
|e D790 .G56 1988
|h Library of Congress classification
|i unmediated -- volume
|m A14828475250
|
| 998 |
f |
f |
|a D790 .G56 1988
|t 0
|l Evans: Library Stacks
|